Locus of control in Depressive Patients / (رقم التسجيلة. 178007)

تفاصيل مارك
000 -LEADER
fixed length control field 01221namaa22003131i 4500
005 - أخر تعامل مع التسجيلة
control field 20260408124521.0
008 - FIXED-LENGTH DATA ELEMENTS--GENERAL INFORMATION
fixed length control field 260125s1995 ua a|||fr|m|| 000 0 eng d
040 ## - CATALOGING SOURCE
Original cataloguing agency EG-GICUC
Language of cataloging eng
Transcribing agency EG-GICUC
Modifying agency EG-GICUC
Description conventions rda
041 0# - LANGUAGE CODE
Language code of text/sound track or separate title eng
Language code of summary or abstract eng
-- ara
049 ## - Acquisition Source
Acquisition Source Deposit
097 ## - Degree
Degree M.A
099 ## - LOCAL FREE-TEXT CALL NUMBER (OCLC)
Local Call Number Cai01.02.11.M.A.1995.Ge.L
100 0# - MAIN ENTRY--PERSONAL NAME
Authority record control number or standard number Geylan Mohamed Riad,
Preparation preparation.
245 10 - TITLE STATEMENT
Title Locus of control in Depressive Patients /
Statement of responsibility, etc. By Geylan Mohamed Riad ; Supervised Prof.Dr. Moustafa Soueif, Prof.Dr. Ahmed Okasha, Dr.El-Husien El Sayed
264 #0 - PRODUCTION, PUBLICATION, DISTRIBUTION, MANUFACTURE, AND COPYRIGHT NOTICE
Date of production, publication, distribution, manufacture, or copyright notice 1995.
300 ## - PHYSICAL DESCRIPTION
Extent 141 Leaves :
Other physical details illustrations ;
Dimensions 30 cm. +
336 ## - CONTENT TYPE
Source rda content
Content type term text
337 ## - MEDIA TYPE
Source rdamedia
Media type term Unmediated
338 ## - CARRIER TYPE
Source rdacarrier
Carrier type term volume
502 ## - DISSERTATION NOTE
Dissertation note Thesis (M.A.)-Cairo University,1995
504 ## - BIBLIOGRAPHY, ETC. NOTE
Bibliography, etc. note Bibliography: pages 133 : 141
653 #0 - INDEX TERM--UNCONTROLLED
Uncontrolled term Locus of control
-- Depressive Patients
700 0# - ADDED ENTRY--PERSONAL NAME
Personal name Moustafa Soueif
Relator term thesis advisor.
700 0# - ADDED ENTRY--PERSONAL NAME
Personal name Ahmed Okasha
Relator term thesis advisor.
700 0# - ADDED ENTRY--PERSONAL NAME
Personal name El-Husien El Sayed
Relator term thesis advisor.
900 ## - Thesis Information
Department Department of Arts
Faculties Faculty of Arts
Universities Cairo University
Grant date 1995
Supervisory body Moustafa Soueif
-- Ahmed Okasha
-- El-Husien El Sayed
Discussion body Moustafa Soueif
905 ## - Cataloger and Reviser Names
Cataloger Name Nagat Ghanem
Reviser Names Nourhan
942 ## - ADDED ENTRY ELEMENTS (KOHA)
Source of classification or shelving scheme Dewey Decimal Classification
Koha item type Thesis
Edition 21
Suppress in OPAC No
المقتنيات
Source of classification or shelving scheme Home library Current library Date acquired Inventory number Full call number Barcode Date last seen Effective from Koha item type
Dewey Decimal Classification المكتبة المركزبة الجديدة - جامعة القاهرة مكتبة المئوية 25.01.2026 27794 Cai01.02.11.M.A.1995.Ge.L 01010110027794000 25.01.2026 25.01.2026 Thesis
Cairo University Libraries Portal Implemented & Customized by: Eng. M. Mohamady Contacts: new-lib@cl.cu.edu.eg | cnul@cl.cu.edu.eg
CUCL logo CNUL logo
© All rights reserved — Cairo University Libraries
CUCL logo
Implemented & Customized by: Eng. M. Mohamady Contact: new-lib@cl.cu.edu.eg © All rights reserved — New Central Library
CNUL logo
Implemented & Customized by: Eng. M. Mohamady Contact: cnul@cl.cu.edu.eg © All rights reserved — Cairo National University Library